000 01043nam0a2200289 4500
001 RU\NLR\ONL1\11037
005 20250613120827.0
010 _a5-7659-0261-8
_92000
035 _a(NLR Aleph) 009639783
090 _a9540936
_c9540936
100 _a20070416d2005 |||y0rusy50 ca
101 0 _audm
102 _aRU
105 _ay |||||||||
200 1 _aУдмурт кылъя диктантъёс
_e1-4 кл. дышетисьёслы пособие
_fР. Ф. Березин
205 _a2-ти изд.
_bтуп.
210 _aИжевск
_cУдмуртия
_d2005
215 _a78,[2] c.
_d20
541 1 _aСборник диктантов для 1-4 классов
_zrus
606 0 _aУдмуртский язык
_xПреподавание
_xНачальная школа
_92175345
_3RU\NLR\auth-onl\6661
686 1 _aЧ426.151
700 1 _aБерезин
_bР. Ф.
_gРудольф Федорович
_4070
801 0 _aRU
_bNLR
_c20070416
_gPSBO
852 _aNLR
_bОНЛ
_jУдмур./2-1711
942 _cBOOK
980 _aNB